La autorregulacin̤ de los medios de comunicacin̤ como sistema de control /

Bibliographic Details
Other Authors: Gavara de Cara, Juan Carlos (ed. lit.), Miguel Br̀cena, Josu de (ed. lit.)
Format: Book
Language:Spanish
Published: Barcelona : Bosch, 2013
Subjects:
Online Access:Acceso restringido

MARC

LEADER 00000nam a2200000 i 4500
005 20131217182255.0
007 cr|||| |||
008 130708s2013 sp 000 0 spa d
020 |a 9788494093302 
035 |a 11709 
040 |a BUS  |d vLex 
090 |c 4630  |d 4630 
245 0 3 |a La autorregulacin̤ de los medios de comunicacin̤ como sistema de control /  |h [Recurso electrn̤ico] /  |c Juan Carlos Gavara de Cara, Josu de Miguel Br̀cena (Eds.) 
256 |a Servicio en ln̕ea 
260 |a Barcelona :  |b Bosch,  |c 2013  
300 |a 1 recurso electrn̤ico 
506 1 |a Contenido solo disponible en los productos indicados  |d vLex Global  |d vLex Global (Academic Edition, excluding Law Schools)  |d vLex Global (U.S. Academic Edition, Law Schools)  |d vLex Global (U.S. Academic Edition, excluding Law Schools)  |d vLex Global (Academic Edition, Law Schools) 
650 0 4 |a Medios de comunicacin̤ social -  |x Aspecto moral 
700 1 |a Gavara de Cara, Juan Carlos,  |e ed. lit. 
700 1 |a Miguel Br̀cena, Josu de,  |e ed. lit. 
740 0 |a vLex Libros (Servicio en ln̕ea) 
856 4 0 |u http://vlex.com/source/la-autorregulacion-los-medios-comunicacion-sistema-control-11709  |z Acceso restringido 
942 |c BOOK 
999 0 |a Mass media